000 00662nam a22001937a 4500
003 OSt
005 20251118132321.0
008 251118b |||||||| |||| 00| 0 eng d
020 _a0-07-125001-8
040 _aDWC-Main lib
_cOC
082 _aCirc. 657.044 S754i 2004
100 _aSpiceland, D.
245 _aIntermediate accounting
_cSpiceland, David J.
260 _aNew York :
_b McGraw-Hill,
_cc2004
300 _axxxii, 1174 pages :
_c25 cm.
504 _aIncludes bibliographical references and index
650 _2Accounting
942 _2ddc
_cBK-CIRC
_e3rd, International edition
_hCirc. 657.044 S754i 2004
_kCirc.
_n0
999 _c5798
_d5798